Income tax: law and practice 1999-2000 (Record no. 102843)
[ view plain ]
| 000 -LEADER | |
|---|---|
| fixed length control field | 00499nam a2200217Ia 4500 |
| 008 - FIXED-LENGTH DATA ELEMENTS--GENERAL INFORMATION | |
| fixed length control field | 210210b1999 xxu||||| |||| 00| 0 eng d |
| 082 ## - DEWEY DECIMAL CLASSIFICATION NUMBER | |
| Classification number | 657.46 RAMI |
| 100 ## - MAIN ENTRY--PERSONAL NAME | |
| Personal name | RAMAN (B S) |
| 245 ## - TITLE STATEMENT | |
| Title | Income tax: law and practice 1999-2000 |
| 250 ## - EDITION STATEMENT | |
| Edition statement | |
| 260 ## - PUBLICATION, DISTRIBUTION, ETC. | |
| Place of publication, distribution, etc. | Mangalore. |
| Name of publisher, distributor, etc. | United Publishers, |
| Date of publication, distribution, etc. | 1999 |
| 300 ## - PHYSICAL DESCRIPTION | |
| Extent | iv,1554 |
| 650 ## - SUBJECT ADDED ENTRY--TOPICAL TERM | |
| Topical term or geographic name entry element | tax: |
| 650 ## - SUBJECT ADDED ENTRY--TOPICAL TERM | |
| Topical term or geographic name entry element | practice |
| 650 ## - SUBJECT ADDED ENTRY--TOPICAL TERM | |
| Topical term or geographic name entry element | law |
| 650 ## - SUBJECT ADDED ENTRY--TOPICAL TERM | |
| Topical term or geographic name entry element | Income |
| 650 ## - SUBJECT ADDED ENTRY--TOPICAL TERM | |
| Topical term or geographic name entry element | and |
| 650 ## - SUBJECT ADDED ENTRY--TOPICAL TERM | |
| Topical term or geographic name entry element | 1999-2000 |
| 690 ## - LOCAL SUBJECT ADDED ENTRY--TOPICAL TERM (OCLC, RLIN) | |
| Topical term or geographic name as entry element | Income Tax |
| 906 ## - LOCAL DATA ELEMENT F, LDF (RLIN) | |
| a | 054720 |
| Withdrawn status | Lost status | Source of classification or shelving scheme | Damaged status | Not for loan | Collection code | Home library | Current library | Date acquired | Cost, normal purchase price | Total Checkouts | Full call number | Barcode | Date last seen | Price effective from | Koha item type |
|---|---|---|---|---|---|---|---|---|---|---|---|---|---|---|---|
| Dewey Decimal Classification | Commerce | St Aloysius Library | St Aloysius Library | 02/17/2021 | 130.00 | 657.46 RAMI | 054720 | 02/17/2021 | 02/17/2021 | Book |